Formati e pubblici della radio (Record n. 84343)
[ formato base ]
| 000 -LEADER | |
|---|---|
| fixed length control field | 01454nam a2200313Ia 4500 |
| 001 - CONTROL NUMBER | |
| control field | H2472 |
| 003 - CONTROL NUMBER IDENTIFIER | |
| control field | IT-RoPAU |
| 008 - FIXED-LENGTH DATA ELEMENTS--GENERAL INFORMATION | |
| fixed length control field | 130308s9999 xx 000 0 und d |
| 040 ## - CATALOGING SOURCE | |
| Original cataloging agency | IT-RoPAU |
| 040 ## - CATALOGING SOURCE | |
| Transcribing agency | IT-RoPAU |
| 041 ## - LANGUAGE CODE | |
| Language code of text/sound track or separate title | ITALIANO |
| 100 ## - MAIN ENTRY--PERSONAL NAME | |
| Personal name | Fenati Barbara |
| 100 ## - MAIN ENTRY--PERSONAL NAME | |
| Miscellaneous information | Codice Aut. SPICS: 19041 |
| 245 ## - TITLE STATEMENT | |
| Title | Formati e pubblici della radio |
| 245 ## - TITLE STATEMENT | |
| Remainder of title | Radio (La). Percorsi e territori di un medium mobile e Interattivo |
| 250 ## - EDITION STATEMENT | |
| Edition statement | 1a ed. |
| 260 ## - PUBLICATION, DISTRIBUTION, ETC. (IMPRINT) | |
| Place of publication, distribution, etc. | BOLOGNA |
| 260 ## - PUBLICATION, DISTRIBUTION, ETC. (IMPRINT) | |
| Name of publisher, distributor, etc. | Baskerville |
| 260 ## - PUBLICATION, DISTRIBUTION, ETC. (IMPRINT) | |
| Date of publication, distribution, etc. | 2002 [1° Ed.:2002 - Ed.Ling.Originale:2002] |
| 300 ## - PHYSICAL DESCRIPTION | |
| Extent | "88 p. (prefazione: no ; testo: 88 [pagine: 67-154])" |
| 500 ## - GENERAL NOTE | |
| General note | Fare la Radio Negli Anni 2000 di B. Fenati. Radio Pubblica, Radio di Servizio, Radio Nazionale di F. Monteleone. Il successo dell'impresa Radiofonicadi P. Varvello. Radio Attivi: Il Grande ritorno delle Onde di I. Moscati. Ascoltatori che Partecipano: le Telefonate in 12 Radio italiane di F. tonello. Sull'Onda degli Ascolti: I tanti pubblici della Radio di G. Roberti. Qualche ragionamento su un futuro Radioso di A. Testa. La Pubblicità Radiofonica: tra Creatività e Convenzionalità di C. Cacciari. Radio e Industria Discografica: l'evoluzione dei Rapporti Fra Partnership e competizione di D. Doglio. |
| 650 ## - SUBJECT ADDED ENTRY--TOPICAL TERM | |
| Topical term or geographic name as entry element | TEORICHE RADIOFONICHE |
| 650 ## - SUBJECT ADDED ENTRY--TOPICAL TERM | |
| Relator term | Codice materia Spics: 6905 |
| 700 ## - ADDED ENTRY--PERSONAL NAME | |
| Personal name | AA.VV. |
| 700 ## - ADDED ENTRY--PERSONAL NAME | |
| Miscellaneous information | Codice Aut. SPICS: 12000 |
| 942 ## - ADDED ENTRY ELEMENTS (KOHA) | |
| Koha item type | LIBRO |
| 957 ## - | |
| -- | 1 |
| 999 ## - SYSTEM CONTROL NUMBERS (KOHA) | |
| -- | 1 |
| Withdrawn status | Lost status | Damaged status | Not for loan | Home library | Current library | Date acquired | Total Checkouts | Full call number | Date last seen | Price effective from | Koha item type | Public note |
|---|---|---|---|---|---|---|---|---|---|---|---|---|
| Buone Condizioni | Not For Loan | SPICS-MEDIATECA | SPICS-MEDIATECA | 08/03/2013 | H2472 | 08/03/2013 | 08/03/2013 | LIBRO | Progressivo inserimento: 42963 / N. Volumi: 0 [=Contributo] Copie: 1 / data import: 1 marzo 2013 - By Epidotti, Trombetti, Vaglietti. |